Quizzes
Events
Quiz Creation
Community
Videos
Private Events
Remove Ads
Sign In
Join for FREE
Feedback
Dark Mode
Quiz Categories
Sports
Geography
Music
Movies
Television
Just For Fun
Miscellaneous
History
Literature
Language
Science
Gaming
Entertainment
Religion
Holiday
For Kids
Quiz Lab
Recent
Popular Today
Quiz Kudos Today
Editor Picks
Curator Picks
Quizzes by...
Day
Popularity
Type
Ratings
Length
Year
Community
Subscriptions
Recent Discussions
Orange Saloon
Badges
Playlists
Quests
Create
Leaderboards
Showdown
Live 5
Trivia Bingo
Activity
Puzzle Library
Sporcle Events
Private Events
Virtual Trivia
Globe League
Become a Host
Pub Owners
SporcleCon
Opinionation
Our Games
Videos
Blog
Mobile Apps
Partnerships
Remove Ads and Go Orange
Feedback
Language
Vocabulary
Begins and Ends
Definition
Spanish
French
German
Italian
Chinese
Latin
Translation
Japanese
Language
Vocabulary
Begins and Ends
Definition
Spanish
French
German
Italian
Chinese
Latin
Translation
Japanese
Random Quiz
Search Sporcle
×
Quiz Lab
Quiz Lab
Language
Vocabulary
Type in answers that appear in a list
Type in answers that appear in a list
Classic
Best Score? Go Orange.
Chapter 9 Vocabulary Stats
Can you name the Chapter 9 Vocabulary?
By
fehrti
15m
82 Questions
13 Plays
13 Plays
13 Plays
Comments
Comments
Give Quiz Kudos
Give Quiz Kudos
-
- Ratings
hide this ad
Forced Order
Answers have to be entered in order
Answers have to be entered in order
Random Order
Randomize order of answers
Randomize order of answers
Replay
Link that replays current quiz
Next Quiz
Link to next quiz in quiz playlist
You Got
0%
They Got
Avg Score
44%
Avg Friend Score
Upgrade to see
Score Distribution
Jump to the score distribution portion of the page
Score
0/82
Timer
15:00
0
Plays Today
English Clue
French Answer
% Correct
by boat
en bateau
92.3%
a hotel
un hotel
92.3%
to travel
voyager
84.6%
to go on foot
aller
84.6%
by car
en voiture
84.6%
by train
en train
84.6%
by plane
en avion
84.6%
to leave for a trip
partir en voyage
76.9%
a train station
un chemin de fer
76.9%
to rent a car
louer une voiture
69.2%
to take a trip
faire un voyage
61.5%
a pleasure trip
un voyage d'agrement
61.5%
a business trip
un voyage d'affaires
61.5%
a cruise
une croisiere
61.5%
transportation
les transports
61.5%
a river boat (sight-
seeing)
un bateau-mouche
61.5%
a direct flight
un vol direct
61.5%
wealth
la richesse
61.5%
luxury
le luxe
61.5%
a study trip
un voyage d'exploration
53.8%
to return from a trip
revenir d'un voyage
53.8%
a hotel with full board
une pension
53.8%
an inn
une auberge
53.8%
a tourist
un touriste
53.8%
someone who explores
un explorateur
53.8%
pollution
la pollution
53.8%
un voyage qui dure longtemps
un long, grand voyage
46.2%
a car rental
une location de voiture
46.2%
English Clue
French Answer
% Correct
a chartered flight
un vol nolise
46.2%
accommodation, lodging
l'hebergement
46.2%
a hotel with half board
un hotel-restaurant
46.2%
bed and breakfast
chambre et petit dejeuner
46.2%
a campground
un camping
46.2%
an exchange
un echange
46.2%
a missionary
un missionaire
46.2%
inflation
l'inflation
46.2%
a tourist trip
un voyage touristique
38.5%
an ocean trip
un voyage en mer
38.5%
a ferry
un traversier
38.5%
a crossing
une traversee
38.5%
a stop (over)
une escale
38.5%
a bed and breakfast
une chambre d'hote
38.5%
an inn (simple hotel in the country w|
out luxury)
un gite rural
38.5%
rich countries
les pays riches
38.5%
misery
la misere
38.5%
world tourism
le tourisme mondial
38.5%
exotic landscapes
les paysages exotiques
38.5%
temperate climates
les climats temperes
38.5%
white sand beaches
les plages de sable fin
38.5%
a meeting
une rencontre
38.5%
delinquency
la petite delinquance
38.5%
a country's industry
l'industrie d'un pays
38.5%
a country's economy
l'economie d'un pays
38.5%
procurer de l'argent
rapporter des devises
38.5%
job creation
la creation d'emplois
38.5%
regular labour force
une main-d'oeuvre reguliere
38.5%
English Clue
French Answer
% Correct
seasonal labour force
une main-d'oeuvre saisonniere
38.5%
a harbour station
une gare maritime
30.8%
a non-
stop flight
un vol sans escale
30.8%
to make a stop
faire escale
30.8%
industrialized countries
les pays industrialises
30.8%
developing countries
les pays en voie de developpement
30.8%
poor countries
les pays pauvres
30.8%
mass tourism
le tourisme de masse
30.8%
heavenly lands
des terres paradisiaques
30.8%
warm climates
les climats ensoleilles
30.8%
tropical climates
les climats tropicaux
30.8%
a pilgrim
un pelerin
30.8%
a tourist business
une enterprise touristique
30.8%
welcoming country
un pays d'accueil
30.8%
a pilgrimage
un pelerinage
30.8%
semi-
skilled labour force
une main-d'oeuvre semi-qualifiee
30.8%
skilled labour force
une main-d'oeuvre qualifiee
30.8%
developed countries
les pays developpes
23.1%
poverty
la pauvrete
23.1%
cold climates
les climats froid
23.1%
a travel agency
une agence de voyages
23.1%
third-
world countries
les pays du tiers-monde
15.4%
where the tourist can choose their own program
des vacances a la carte
15.4%
a package tour or holiday
un voyage organise
7.7%
organized vacations
des vacances programmees
7.7%
a bus station
une gare routiere
0%
Quiz Playlist
Details
Report
Send in Message
Add To Playlist
Classic:
Type in answers that appear in a list
Forced Order:
Answers have to be entered in order
Random Order:
Randomize order of answers
Last Updated: Feb 16, 2017
Quiz Scoreboard
CHALLENGE
Sign Up to Join the Scoreboard
Show All
Scores
Hide
Comments
May contain spoilers
Recently Published
1-10 Letter E Words III
by El_Dandy
Language
2m
One Thing in Common: World Cities II
by knightlancer
Geography
7m
Popular People in 1961
by mucciniale
History
6m
More to Explore
Quiz From the Vault
Featured Blog Post
Where Did the Easter Bunny Come From?
hide this ad
You Might Also Like...
Tags
French Quiz
Vocabulary Quiz
Chapter
Chapter 9
English
Today's Top Quizzes in Language
Browse Language
hide this ad
Today's Top Quizzes in Vocabulary
Browse Vocabulary
Top Contributed Quizzes in Language
1
Order Up: Top 10 Most Native Spoken Languages
2
1-10 Letter F Words III
3
1-10 Letter G Words III
4
One Thing in Common: Italy
5
1-10 Letter H Words III
6
1-10 Letter I Words III
7
Hiragana Speed Reading
8
Begins and Ends With AN
9
Vocabulary 5
10
1-10 Letter J Words III
Explore More
Trending Topics
Marvel
Anime
Disney
Crossword
NBA
Kpop
Harry Potter
NFL
Country
Puzzle
Song
Soccer
WWE
Pokémon
The Office
hide this ad
More By:
fehrti
Quiz
Plays
Rating
Category
Featured
Created
Missing Word Movies
466
2.00
Movies
Apr 18, 2010
Chapter 9 Vocabulary
13
Language
Apr 8, 2010
Go to Creator's Profile
Score Distribution
Quiz Creator Spotlight
fehrti
Follow
Send a Message
Quizzes Created
-
Created Quiz Play Count
-
More By This Creator
Popular Quizzes Today
1
Find the US States - No Outlines Minefield
2
Find the Countries of Europe - No Outlines Minefield
3
The Countries of the World
4
Popular People in 1961
5
1-10 Letter E Words III
6
Find the US States
7
One Thing in Common: World Cities II
8
US States
More Language Quizzes
10 Words, 20 Definitions XXX
Published
Trending Quizzes
Risky Map Clicking: Least Populous States A-Z
1-10 Letter F Words
1-10 Letter G Words
One Thing in Common: United Kingdom
Risky Map Clicking: Next State Alphabetically
Recently Updated
Leaping Animals
pecheneg
Reality TV Shows (A-Z)
bhenderson79
Rickey Henderson's Hall of Fame Teammates
pecheneg
Champions League XIs: Arsenal
pecheneg
Quick Pick: Celebrities in WWE's Hall of Fame
aduchscher
A-Z Keypad Blitz II
pecheneg
Multiple Oscar Actors
pecheneg
Mystery Phrase Blitz: Oscar 'Best Actors'
pecheneg
F. Scott Fitzgerald Novels
LTH
Pick 3 Villains
ddd62291
Trending Topics
Crossword
Disney
Kpop
Harry Potter
Anime
Marvel
NBA
NFL
Song
Soccer
WWE
The Office
Puzzle
Pokémon
Country
Your Account Isn't Verified!
In order to create a playlist on Sporcle, you need to verify the email address you used during registration. Go to your
Sporcle Settings
to finish the process.
Report this User
Report this user for behavior that violates our
Community Guidelines
.
Details:
Send Report
Go to the Sporcle.com Mobile Site →
Comments